Bhasa aru sahitya (Record no. 2450)

MARC details
000 -LEADER
fixed length control field 00497cam a2200205ua 4500
001 - CONTROL NUMBER
control field 2599
005 - DATE AND TIME OF LATEST TRANSACTION
control field 20260515113531.0
008 - FIXED-LENGTH DATA ELEMENTS--GENERAL INFORMATION
fixed length control field 110912n ii |||gr||||Z||||||asm
040 ## - CATALOGING SOURCE
Transcribing agency MAIN
082 ## - DEWEY DECIMAL CLASSIFICATION NUMBER
Classification number 491.451
100 ## - MAIN ENTRY--PERSONAL NAME
Personal name Goswami, Upendra Nath,
245 11 - TITLE STATEMENT
Title Bhasa aru sahitya
Statement of responsibility, etc. by Upendra Nath Goswami
250 ## - EDITION STATEMENT
Edition statement 2nd.
260 ## - PUBLICATION, DISTRIBUTION, ETC.
Place of publication, distribution, etc. Guahati:
Name of publisher, distributor, etc. New Book stall.
300 ## - PHYSICAL DESCRIPTION
Extent 209p:
Dimensions 23cm.
653 ## - INDEX TERM--UNCONTROLLED
Uncontrolled term Language
653 ## - INDEX TERM--UNCONTROLLED
Uncontrolled term Assamese language
653 ## - INDEX TERM--UNCONTROLLED
Uncontrolled term Bhasa aru sahitya
942 ## - ADDED ENTRY ELEMENTS (KOHA)
Koha item type Books
Holdings
Withdrawn status Lost status Damaged status Not for loan Home library Current library Shelving location Date acquired Total checkouts Full call number Barcode Date last seen Copy number Price effective from Koha item type
        Naharkatiya College Library Naharkatiya College Library General stacks 09/19/2020   491.451 | GOS 8236 09/19/2020 1 09/19/2020 Books